00385nam a2200133 a 4500008004100000050002300041110004700064245002200111260000900133300001600142350000900158650003000167710005400197120416s2005 xx |||||||||||||| || u aGOV.ZAM(02)2005/11 aGovernment of the Republic of Zambia (GRZ)10aRabbit production c2005 a22p. : ill. a0.00 aRABBITS--BREEDING--ZAMBIA aNational Agricultural Information Services (NAIS)